01079cam a2200253 a 4500001000500000005001700005020001800022040002300040050001200063082001000075100002900085245014500114250004400259260003500303300006300338500002600401505000800427520017600435521002000611521002000631650007100651650006700722700003600789302020250611102221.0 a9780439839679 aDLCcDLCdDLCbeng00aE241.L600a973.31 aFradin, Dennis Brindell 10aLet it begin here! :bLexington & Concord : first battles of the American Revolution /cDennis Brindell Fradin ; illustrations by Larry Day. aFirst Scholastic printing, January 2006 aNew York :bScholastic, c2005 a26 unnumbered pages :bcolor illustrations, maps ;c29 cm. aMap on lining papers. aZ  aDescribes the events that led up to the historic battles that began the American Revolution and discusses the consequences for the leaders and soldiers who fought in them. a910 bLexile  aZ bRaz-Plus  0aLexington, Battle of, Lexington, Mass., 1775vJuvenile literature. 0aConcord, Battle of, Concord, Mass., 1775vJuvenile literature.1 aDay, Larryd1956-eillustrator